| 000 | 01150nam a22003738i 4500 | ||
|---|---|---|---|
| 001 | 021376294 | ||
| 003 | EG-ScBUE | ||
| 005 | 20260210103950.0 | ||
| 008 | 240514s2024 nyu f d 001 0 eng d | ||
| 020 | _a9781266859199 | ||
| 020 | _z1266859195 | ||
| 040 |
_aStDuBDS _beng _erda _cStDuBDS _dEG-ScBUE |
||
| 082 | 0 | 4 |
_a792 _222 _bGOL |
| 100 | 1 |
_aGoldfarb, Alvin, _eauthor. |
|
| 245 | 1 | 0 |
_aTheatre : _bthe lively art / _cAlvin Goldfarb, Megan Geigner, Edwin Wilson. |
| 250 | _aTwelfth edition. | ||
| 250 | _aInternational student edition. | ||
| 264 | 1 |
_aNew York : _bMcGraw Hill, _c2024. |
|
| 300 |
_axxxi, 496 pages : _bphotographs ; _c28 cm |
||
| 336 |
_atext _2rdacontent _btxt |
||
| 337 |
_aunmediated _2rdamedia _bn |
||
| 338 |
_avolume _2rdacarrier _bnc |
||
| 500 | _aIncludes index. | ||
| 500 | _aIncludes glossary. | ||
| 650 | 7 |
_aTheater. _2BUEsh |
|
| 650 | 7 |
_aTheater _xHistory. _2BUEsh |
|
| 650 | 7 |
_aTheater audiences. _2BUEsh |
|
| 653 |
_cFebruary2026 _bART |
||
| 655 | _vReading book | ||
| 700 | 1 |
_aGeigner, Megan E, _eauthor. |
|
| 700 | 1 |
_aWilson, Edwin, _d1927- _eauthor. |
|
| 942 |
_2ddc _cBB |
||
| 999 |
_c31108 _d31079 |
||